00159 a2200073 450000100060000010000170000624500330002326000290005613434 aCollier, D.S aBerlin and the future of E.E aChicagobhenry regneryc